Pablo: de Tarso a Roma

Na minha lista:
Detalhes bibliográficos
Autor principal: Vidal, Senén (Autor)
Formato: Livro
Idioma:espanhol
Publicado em: Santander Sal Terrae 2007
coleção:Presencia Teológica, 158
Assuntos:
Tags: Adicionar Tag
Sem tags, seja o primeiro a adicionar uma tag!

MARC

LEADER 00000nam a2200000 a 4500
001 UCI8191
003 CL-VaPUC
008 080813e20070000SP |||||||||||||||||spa|d
020 |a 9788429317169 
082 0 4 |a 225  |b VID  |2 21 
100 0 |a Vidal, Senén  |e author  |9 531691 
245 1 0 |a Pablo: de Tarso a Roma 
300 |a 255 p 
942 |c BK 
945 |d 20080813 00:00:00  |a rbrito 
260 |a Santander  |b Sal Terrae  |c 2007 
600 0 |a Pablo de Tarso, Santo  |9 321163 
650 0 |a Biblia  |9 257603 
650 0 |a Nuevo testamento  |9 257604 
650 0 |a Biografías  |9 255210 
650 0 |a Cartas  |9 321777 
650 7 |a MISION  |2 CL-VaPUC  |9 398116 
583 |a last modification  |c 20080813 00:00:00  |k Rodrigo Vera 
490 0 |a Presencia Teológica, 158 
999 |c 331212  |d 331210 
952 |0 0  |1 0  |4 0  |6 225_000000000000000_VID_2007  |7 0  |8 A  |9 417458  |a BIBTEO  |b BIBTEO  |d 2019-11-22  |i 4472411  |o 225 VID 2007  |p 4472411  |r 2025-01-17  |w 2019-11-22  |y BK  |k ICR